Normal view
MARC view
- Supervisor: Dr. Kafait Ullah Co-Supervisor: Dr. Clark A. Miller
Entry Personal Name
001 - CONTROL NUMBER
- control field: 128244
003 - CONTROL NUMBER IDENTIFIER
- control field: NUST
005 - DATE AND TIME OF LATEST TRANSACTION
- control field: 20250312130607.0
008 - FIXED-LENGTH DATA ELEMENTS
- fixed length control field: 250312|| aca||aabn | a|a d
040 ## - CATALOGING SOURCE
- Original cataloging agency: NUST
- Transcribing agency: NUST
100 ## - HEADING--PERSONAL NAME
- Personal name: Supervisor: Dr. Kafait Ullah Co-Supervisor: Dr. Clark A. Miller
670 ## - SOURCE DATA FOUND
- Source citation: Work cat.: (NUST): Iftikhar Ahmed Shahid (NUST201590305PCES9212F) 128243, Energy, Economy, and Sustainability at Household Level in Pakistan /
